=LDR 00000nam 2200000 4500 =001 INLIS000000000001932 =005 20130612090317 =008 ***********************************Ind** =035 ##$$0010-061300000001932 =041 ##$$a Ind =082 ##$$a 613.704 5 =090 ##$$a 613.704 5, Ani s =100 ##$$a Anis =245 ##$$a Sehat dan bugar semasa hamil dan usai melahirkan, oleh Anis =260 ##$$a 1997 $b Jakarta =300 ##$$a ... jil, ilus, 15 cm =650 ##$$a Kesehatan Jasmani untuk Wanita =850 ##$$a NBPNMAT